Giáo trình cơ khí nông nghiệp sau thu hoạch
Đề cập đến máy kéo và oto; máy làm đất, gieo trồng, chăm sóc....
Đã lưu trong:
| Tác giả chính: | |
|---|---|
| Định dạng: | Sách |
| Năm xuất bản: |
H.:
Đại học kinh tế Quốc dân
2006.
|
| Chủ đề: | |
| Tags: |
Thêm thẻ
Không có thẻ, Hãy là người đầu tiên gắn thẻ bản ghi này!
|
| LEADER | 03662nam a2200373 4500 | ||
|---|---|---|---|
| 082 | |a 631.56 |b Đ108D | ||
| 100 | |a Đào Duy Cầu | ||
| 245 | |a Giáo trình cơ khí nông nghiệp sau thu hoạch |c Đào Duy Cầu . | ||
| 260 | |a H.: |c 2006. |b Đại học kinh tế Quốc dân | ||
| 300 | |c 21 cm |a 286 tr.; | ||
| 520 | |a Đề cập đến máy kéo và oto; máy làm đất, gieo trồng, chăm sóc.... | ||
| 653 | |a Nông nghiệp - Thu hoạch | ||
| 942 | |2 ddc |c STK0 | ||
| 999 | |c 6508 |d 6508 | ||
| 952 | |0 0 |1 0 |2 ddc |4 0 |6 631_560000000000000_Đ108D |7 0 |8 600 |9 60259 |a qbu |b qbu |c D3 |d 2015-01-17 |g 25000 |o 631.56 Đ108D |p 6039.c1 |r 0000-00-00 |w 2015-01-17 |y STK0 | ||
| 952 | |0 0 |1 0 |2 ddc |4 0 |6 631_560000000000000_Đ108D |7 0 |8 600 |9 60260 |a qbu |b qbu |c D3 |d 2015-01-17 |g 25000 |o 631.56 Đ108D |p 6039.c2 |r 0000-00-00 |w 2015-01-17 |y STK0 | ||
| 952 | |0 0 |1 0 |2 ddc |4 0 |6 631_560000000000000_Đ108D |7 0 |8 600 |9 60261 |a qbu |b qbu |c D3 |d 2015-01-17 |g 25000 |o 631.56 Đ108D |p 6039.c3 |r 0000-00-00 |w 2015-01-17 |y STK0 | ||
| 952 | |0 0 |1 0 |2 ddc |4 0 |6 631_560000000000000_Đ108D |7 0 |8 600 |9 60262 |a qbu |b qbu |c D3 |d 2015-01-17 |g 25000 |o 631.56 Đ108D |p 6039.c4 |r 0000-00-00 |w 2015-01-17 |y STK0 | ||
| 952 | |0 0 |1 0 |2 ddc |4 0 |6 631_560000000000000_Đ108D |7 0 |8 600 |9 60263 |a qbu |b qbu |c D3 |d 2015-01-17 |g 25000 |o 631.56 Đ108D |p 6039.c5 |r 0000-00-00 |w 2015-01-17 |y STK0 | ||
| 952 | |0 0 |1 0 |2 ddc |4 0 |6 631_560000000000000_Đ108D |7 0 |8 600 |9 60264 |a qbu |b qbu |c D3 |d 2015-01-17 |g 25000 |o 631.56 Đ108D |p 6039.c6 |r 0000-00-00 |w 2015-01-17 |y STK0 | ||
| 952 | |0 0 |1 0 |2 ddc |4 0 |6 631_560000000000000_Đ108D |7 0 |8 600 |9 60265 |a qbu |b qbu |c D3 |d 2015-01-17 |g 25000 |o 631.56 Đ108D |p 6039.c7 |r 0000-00-00 |w 2015-01-17 |y STK0 | ||
| 952 | |0 0 |1 0 |2 ddc |4 0 |6 631_560000000000000_Đ108D |7 0 |8 600 |9 60266 |a qbu |b qbu |c D3 |d 2015-01-17 |g 25000 |o 631.56 Đ108D |p 6039.c8 |r 0000-00-00 |w 2015-01-17 |y STK0 | ||
| 952 | |0 0 |1 0 |2 ddc |4 0 |6 631_560000000000000_Đ108D |7 0 |8 600 |9 60267 |a qbu |b qbu |c D3 |d 2015-01-17 |g 25000 |o 631.56 Đ108D |p 6039.c9 |r 0000-00-00 |w 2015-01-17 |y STK0 | ||
| 952 | |0 0 |1 0 |2 ddc |4 0 |6 631_560000000000000_Đ108D |7 0 |8 600 |9 60268 |a qbu |b qbu |c D3 |d 2015-01-17 |g 25000 |o 631.56 Đ108D |p 6039.c10 |r 0000-00-00 |w 2015-01-17 |y STK0 | ||
| 952 | |0 0 |1 0 |2 ddc |4 0 |6 631_560000000000000_Đ108D |7 0 |8 600 |9 60269 |a qbu |b qbu |c D3 |d 2015-01-17 |g 25000 |o 631.56 Đ108D |p 6039.c11 |r 0000-00-00 |w 2015-01-17 |y STK0 | ||
| 952 | |0 0 |1 0 |2 ddc |4 0 |6 631_560000000000000_Đ108D |7 0 |8 600 |9 60270 |a qbu |b qbu |c D3 |d 2015-01-17 |g 25000 |o 631.56 Đ108D |p 6039.c12 |r 0000-00-00 |w 2015-01-17 |y STK0 | ||
| 952 | |0 0 |1 0 |2 ddc |4 0 |6 631_560000000000000_Đ108D |7 0 |8 600 |9 60271 |a qbu |b qbu |c D3 |d 2015-01-17 |g 25000 |o 631.56 Đ108D |p 6039.c13 |r 0000-00-00 |w 2015-01-17 |y STK0 | ||
| 952 | |0 0 |1 0 |2 ddc |4 0 |6 631_560000000000000_Đ108D |7 0 |8 600 |9 60272 |a qbu |b qbu |c D3 |d 2015-01-17 |g 25000 |o 631.56 Đ108D |p 6039.c14 |r 0000-00-00 |w 2015-01-17 |y STK0 | ||
| 952 | |0 0 |1 0 |2 ddc |4 0 |6 631_560000000000000_Đ108D |7 0 |8 600 |9 60273 |a qbu |b qbu |c D3 |d 2015-01-17 |g 25000 |o 631.56 Đ108D |p 6039.c15 |r 0000-00-00 |w 2015-01-17 |y STK0 | ||
| 952 | |0 0 |1 0 |2 ddc |4 0 |6 631_560000000000000_Đ108D |7 0 |8 600 |9 60274 |a qbu |b qbu |c D3 |d 2015-01-17 |g 25000 |o 631.56 Đ108D |p 6039.c16 |r 0000-00-00 |w 2015-01-17 |y STK0 | ||
| 952 | |0 0 |1 0 |2 ddc |4 0 |6 631_560000000000000_Đ108D |7 0 |8 600 |9 60275 |a qbu |b qbu |c D3 |d 2015-01-17 |g 25000 |o 631.56 Đ108D |p 6039.c17 |r 0000-00-00 |w 2015-01-17 |y STK0 | ||
| 952 | |0 0 |1 0 |2 ddc |4 0 |6 631_560000000000000_Đ108D |7 0 |8 600 |9 60276 |a qbu |b qbu |c D3 |d 2015-01-17 |g 25000 |o 631.56 Đ108D |p 6039.c18 |r 0000-00-00 |w 2015-01-17 |y STK0 | ||
| 952 | |0 0 |1 0 |2 ddc |4 0 |6 631_560000000000000_Đ108D |7 0 |8 600 |9 60277 |a qbu |b qbu |c D3 |d 2015-01-17 |g 25000 |o 631.56 Đ108D |p 6039.c19 |r 0000-00-00 |w 2015-01-17 |y STK0 | ||
| 952 | |0 0 |1 0 |2 ddc |4 0 |6 631_560000000000000_Đ108D |7 0 |8 600 |9 60278 |a qbu |b qbu |c D3 |d 2015-01-17 |g 25000 |o 631.56 Đ108D |p 6039.c20 |r 0000-00-00 |w 2015-01-17 |y STK0 | ||